[Event "Politiken Cup"]
[Site "Copenhagen"]
[Date "1980.??.??"]
[Round "8"]
[White "Bjerring, Kai"]
[Black "Roth, Rolf"]
[Result "0-1"]
[WhiteElo "2330"]
[BlackElo "2370"]

1.e4 c5 2.Nf3 e6 3.d4 cxd4 4.Nxd4 a6 5.Nc3 Qc7 6.g3 Bb4 7.Ne2 Nf6 8.Bg2 Be7
9.O-O O-O 10.Be3 Nc6 11.Nd4 Ne5 12.h3 b5 13.Bf4 d6 14.g4 Bb7 15.g5 Nfd7 16.Rc1 Nb6
17.Bg3 Nbc4 18.b3 Ne3 19.Ncxb5 axb5 20.fxe3 Qb6 21.Qh5 Rxa2 22.Rf2 g6 23.Qe2 b4
24.h4 Ba6 25.Qd1 Nc6 26.Nxc6 Qxc6 27.Bxd6 Qxd6  0-1

[Event "ISL-ch"]
[Site "?"]
[Date "1980.??.??"]
[Round "?"]
[White "Hjartarson, Johann"]
[Black "Gunnarsson, Gunnar K"]
[Result "1-0"]
[WhiteElo "2250"]
[BlackElo "2280"]

1.e4 c5 2.Nf3 e6 3.d4 cxd4 4.Nxd4 a6 5.Nc3 Qc7 6.Be2 g6 7.O-O Bg7 8.Be3 d6
9.Qd2 Nf6 10.f4 O-O 11.Bf3 Nbd7 12.a4 e5 13.Nde2 Nb6 14.b3 Re8 15.Rad1 Bf8
16.Kh1 Be6 17.f5 gxf5 18.exf5 Bc8 19.Bg5 Nbd7 20.Ng3 Rb8 21.Nce4 Nxe4 22.Bxe4  1-0

[Event "Malta ol (Men)"]
[Site "La Valetta"]
[Date "1980.??.??"]
[Round "?"]
[White "Liberzon, Vladimir M"]
[Black "Helmers, Knut J"]
[Result "1/2-1/2"]
[WhiteElo "2545"]
[BlackElo "2405"]

1.e4 c5 2.Nf3 e6 3.d4 cxd4 4.Nxd4 a6 5.Nc3 Qc7 6.Bd3 Nc6 7.Nb3 Nf6 8.O-O Be7
9.f4 d6 10.Be3 b5 11.Qf3 Bb7 12.Rae1 Nb4 13.a3 Nxd3 14.cxd3 Rc8 15.Nd4 g6
16.Kh1 Qd7 17.Nb3 O-O 18.Qh3 Rfe8 19.f5 exf5 20.exf5 Bf8  1/2-1/2

[Event "Malta ol (Men)"]
[Site "La Valetta"]
[Date "1980.??.??"]
[Round "?"]
[White "Fateen"]
[Black "Moraza, Manuel"]
[Result "0-1"]
[WhiteElo "2200"]
[BlackElo "2205"]

1.e4 c5 2.Nf3 e6 3.d4 cxd4 4.Nxd4 a6 5.Nc3 Qc7 6.g3 Bb4 7.Bd2 Nf6 8.Bg2 Nc6
9.Nxc6 dxc6 10.O-O Be7 11.a4 O-O 12.Qe2 e5 13.a5 Bg4 14.f3 Bc5+ 15.Be3 Bxe3+
16.Qxe3 Be6 17.Na4 Rad8 18.Nb6 Nd7 19.Rfd1 Nxb6 20.Qxb6 Qxb6+ 21.axb6 f6
22.Kf2 Kf7 23.Ke3 Ke7 24.f4 Rxd1 25.Rxd1 Rd8 26.Ra1 c5 27.Ra5 Kd6 28.c3 c4
29.Bf1 exf4+ 30.gxf4 Kc6 31.Rh5 Bg8 32.e5 Kxb6 33.exf6 gxf6 34.Rh6 Rd6 35.Ke4 f5+  0-1

[Event "Malta ol (Men)"]
[Site "La Valetta"]
[Date "1980.??.??"]
[Round "?"]
[White "Fernandez, A."]
[Black "Zapata, Alonso"]
[Result "0-1"]
[WhiteElo "2375"]
[BlackElo "2410"]

1.e4 c5 2.Nf3 e6 3.d4 cxd4 4.Nxd4 a6 5.Nc3 Qc7 6.Bd3 b5 7.O-O Bb7 8.Re1 Nc6
9.Nxc6 Bxc6 10.Nd5 Qb7 11.Qf3 d6 12.Bg5 Ne7 13.Nxe7 Bxe7 14.Qh5 Bxg5 15.Qxg5 O-O
16.Re3 e5 17.Rg3 f6 18.Qh4 Kh8 19.Re1 Rae8 20.Ree3 f5 21.exf5 e4 22.Be2 Rxf5
23.Bh5 Qe7 24.Qh3 Rd5 25.Re1 Rf8 26.Bg6 h6 27.Rc3 Bb7 28.f3 exf3 29.Qg3 Qxe1+  0-1

[Event "Malta ol (Women)"]
[Site "La Valetta"]
[Date "1980.??.??"]
[Round "?"]
[White "Khadilkar, Jayshree"]
[Black "Liu Shilan"]
[Result "0-1"]
[WhiteElo "2075"]
[BlackElo "2000"]

1.e4 c5 2.Nf3 e6 3.d4 cxd4 4.Nxd4 a6 5.Nc3 Qc7 6.g3 Nf6 7.Bg2 Nc6 8.O-O Be7
9.Re1 O-O 10.Nxc6 dxc6 11.e5 Rd8 12.Qe2 Nd5 13.Bd2 b5 14.f4 Bb7 15.Ne4 Qb6+
16.Kh1 c5 17.Qf2 Qc7 18.Re2 Nb4 19.Be3 Rac8 20.g4 Rd7 21.a3 Nd5 22.Rf1 Nxe3
23.Qxe3 Rcd8 24.Qg3 Rd1 25.Ree1 R1d5 26.Rf2 R8d7 27.Nc3 Rd4 28.f5 exf5 29.Rxf5 Bxg2+
30.Qxg2 g6 31.Rxf7 Kxf7 32.e6+ Kg7 33.exd7 Qxd7 34.h3 Bh4 35.Re2 b4  0-1

[Event "Malta ol (Men)"]
[Site "La Valetta"]
[Date "1980.??.??"]
[Round "?"]
[White "Gonda, Gentaro"]
[Black "Meulders, Richard"]
[Result "1/2-1/2"]
[WhiteElo "2225"]
[BlackElo "2230"]

1.e4 c5 2.Nf3 e6 3.d4 cxd4 4.Nxd4 a6 5.Nc3 Qc7 6.Be2 b5 7.O-O Bb7 8.Bf3 Nc6
9.Nxc6 dxc6 10.a4 b4 11.Nb1 Bd6 12.g3 Ne7 13.Nd2 Rd8 14.Qe2 e5 15.Nc4 Bc5
16.Be3 Bxe3 17.Qxe3 c5 18.c3 O-O 19.Rac1 bxc3 20.Rxc3 Rd4 21.Rfc1 f5 22.Nxe5 Qxe5
23.Rxc5 Nd5 24.exd5 Qxe3 25.fxe3 Rxa4 26.R1c4 Rxc4 27.Rxc4 Rd8 28.Kf2 Kf8
29.e4 fxe4 30.Bxe4 Ke8 31.Rc5 Rd6 32.Ke3 Rb6 33.Rc2 Kd7 34.Kd4 Kd6 35.Kc4 a5
36.Bxh7 Bxd5+ 37.Kd4 Rb4+ 38.Ke3 Ke5 39.Rd2 Rb3+ 40.Kf2 Rf3+ 41.Ke2 Rf6 42.Bd3 Rf7
43.Bc2 Rb7 44.Bd1 Rb4 45.Ke3 a4 46.Kd3 Rd4+ 47.Ke3 Rb4 48.Kf2 Bc4 49.Bf3 Rb3
50.Bc6 a3 51.bxa3 Rxa3 52.h4 Ra2 53.Rxa2 Bxa2 54.Ke3 Bb3 55.Be4 Bd1 56.Bf3 Bc2
57.g4 Bb1 58.h5 Bc2  1/2-1/2

[Event "Malta ol (Men)"]
[Site "La Valetta"]
[Date "1980.??.??"]
[Round "?"]
[White "Hecht, Hans Joachim"]
[Black "Ravikumar, Vaidyanathan"]
[Result "1-0"]
[WhiteElo "2485"]
[BlackElo "2305"]

1.e4 c5 2.Nf3 e6 3.d4 cxd4 4.Nxd4 a6 5.Nc3 Qc7 6.Be2 b5 7.O-O Bb7 8.Bf3 Nc6
9.Nxc6 dxc6 10.Qe2 Bd6 11.g3 Nf6 12.Bg2 O-O 13.f4 e5 14.f5 a5 15.Qf3 b4 16.Nd1 Bc5+
17.Be3 Bxe3+ 18.Qxe3 Ba6 19.Re1 Rfd8 20.Nf2 c5 21.Red1 h6 22.Bf1 Bb7 23.c3 Qc6
24.Bg2 Ba6 25.Bf3 Bc4 26.Rxd8+ Rxd8 27.Rc1 Bxa2 28.cxb4 axb4 29.Rxc5 Qd6
30.Rb5 b3 31.Bd1 Rb8 32.Qd3 Qc7 33.Bxb3 Rxb5 34.Qxb5 Bb1 35.Qc4 Qxc4 36.Bxc4 Nxe4
37.Ng4 Nd6 38.Nxe5 Nxc4 39.Nxc4 Bxf5 40.Kf2 Kf8 41.Ke3 Ke7 42.Kd4 f6 43.b4 g5
44.b5 Kd7 45.Nb6+ Kd6 46.Nd5 Bd7 47.b6 Kc6 48.Nxf6 Bh3 49.Ng8 h5 50.Nf6 h4
51.g4 Bf1 52.Ke4 Kxb6 53.Kf5 Kc5 54.Kxg5 h3 55.Kf4 Kd6 56.Ne4+ Ke6 57.Kg3  1-0

[Event "Malta ol (Men)"]
[Site "La Valetta"]
[Date "1980.??.??"]
[Round "?"]
[White "Lhagva, Jambaldoo"]
[Black "Ramos, Domingo"]
[Result "0-1"]
[WhiteElo "2330"]
[BlackElo "2200"]

1.e4 c5 2.Nf3 e6 3.d4 cxd4 4.Nxd4 a6 5.Nc3 Qc7 6.Be2 b5 7.a3 Bb7 8.O-O Nf6
9.Bd3 Be7 10.Qe2 d6 11.Bd2 Nbd7 12.Nf3 O-O 13.Rfc1 Nb6 14.a4 b4 15.a5 Nc4
16.Bxc4 bxc3 17.Bxc3 Nxe4 18.Bd4 Qc6 19.Be3 Bf6 20.c3 Rfd8 21.Bd3 Nc5 22.Bc2 Nd7
23.Qf1 Rac8 24.Rd1 Ba8 25.Bd3 Bb7 26.Nd4 Bxd4 27.Bxd4 Nc5 28.Bc2 e5 29.Be3 Ne6
30.f3 d5 31.Bb6 Rf8 32.Kh1 Ng5 33.Be3 Qf6 34.Rd2 Rfd8 35.Rad1 Ne6 36.Bb6 Rd6
37.Bd3 Ra8 38.c4  0-1

[Event "Malta ol (Men)"]
[Site "La Valetta"]
[Date "1980.??.??"]
[Round "?"]
[White "Dunne, David Joseph"]
[Black "Smejkal, Jan"]
[Result "0-1"]
[WhiteElo "2290"]
[BlackElo "2555"]

1.e4 c5 2.Nf3 e6 3.d4 cxd4 4.Nxd4 a6 5.Nc3 Qc7 6.g3 Bb4 7.Ne2 Nf6 8.Bg2 Be7
9.O-O Nc6 10.b3 O-O 11.Bb2 d6 12.h3 b5 13.g4 b4 14.Na4 d5 15.exd5 Nxd5 16.Bxd5 exd5
17.Qxd5 Rd8 18.Qe4 Bb7 19.Rfe1 Nd4 20.Qxd4 Rxd4 21.Nxd4 Bf6 22.Re3 h5 23.gxh5 Rd8
24.Nf3 Qf4 25.Kg2 Rd2 26.Rae1 Bh4  0-1

[Event "Malta ol (Women)"]
[Site "La Valetta"]
[Date "1980.??.??"]
[Round "?"]
[White "Khadilkar, Rohini"]
[Black "Justo, Virginia"]
[Result "1-0"]
[WhiteElo "2095"]
[BlackElo "2060"]

1.e4 c5 2.Nf3 e6 3.d4 cxd4 4.Nxd4 a6 5.Nc3 Qc7 6.g3 Bb4 7.Bd2 Nf6 8.Bg2 O-O
9.O-O Be7 10.Re1 d6 11.Qe2 Rd8 12.Rad1 Nbd7 13.g4 Ne5 14.g5 Ne8 15.h4 Nc4
16.Bc1 b5 17.b3 Ne5 18.Bb2 Bb7 19.Qd2 b4 20.Nce2 d5 21.exd5 Bxd5 22.Bxd5 Rxd5
23.Qe3 Rad8 24.Nf4 Ng4 25.Qf3 h5 26.Nxd5 Qh2+ 27.Kf1 Rxd5 28.Nc6 Rxd1 29.Nxe7+ Kh8
30.Rxd1  1-0

[Event "Malta ol (Men)"]
[Site "La Valetta"]
[Date "1980.??.??"]
[Round "?"]
[White "Soliman"]
[Black "Gheorghiu, Florin"]
[Result "0-1"]
[WhiteElo "2200"]
[BlackElo "2605"]

1.e4 c5 2.Nf3 e6 3.d4 cxd4 4.Nxd4 a6 5.Nc3 Qc7 6.Bd3 Nc6 7.Nxc6 dxc6 8.O-O e5
9.Kh1 Be6 10.a4 Nf6 11.f3 Bb4 12.Qe1 O-O 13.Be3 Nd7 14.Qf2 f6 15.Na2 Be7
16.Nc3 b5 17.axb5 axb5 18.Rxa8 Rxa8 19.Ne2 Ra2 20.b3 Qa5 21.f4 Ra1 22.Rxa1 Qxa1+
23.Qg1 Qxg1+ 24.Kxg1 Nc5 25.Bxc5 Bxc5+ 26.Kf1 exf4 27.Nxf4 Bd7 28.h3 Be3
29.Ne2 Kf7 30.Ng1 Bxg1 31.Kxg1 Ke6 32.Kf2 Ke5 33.Ke3 b4 34.h4 Bg4 35.g3 c5
36.Bf1 g5 37.Bc4 Bd1 38.Bd3 Bh5 39.Bf1 Bg6 40.Bd3 g4 41.c4 bxc3 42.Bc2 h5
43.Bd3 Bh7 44.Bc2 f5 45.Bd3 fxe4 46.Bc2 Kd5 47.Bb1 Kc6 48.Bc2 Kb5 49.Ke2 Kb4
50.Kd1 Ka3 51.Kc1 e3 52.Bd1 Bd3  0-1

[Event "DSV-Turnier"]
[Site "Leipzig"]
[Date "1980.??.??"]
[Round "3"]
[White "Suetin, Alexey S"]
[Black "Vilela, Jose Luis"]
[Result "0-1"]
[WhiteElo "2500"]
[BlackElo "2410"]

1.e4 c5 2.Nf3 e6 3.Nc3 a6 4.d4 cxd4 5.Nxd4 Nc6 6.Bf4 d6 7.Bg3 Nf6 8.Be2 Be7
9.Qd2 O-O 10.O-O-O e5 11.Nb3 b5 12.Qe3 Be6 13.Kb1 Qc7 14.f4 exf4 15.Bxf4 Rac8
16.Rd2 Rfe8 17.Nd4 Nxd4 18.Qxd4 Qa5 19.Nd5 Nxd5 20.exd5 Bf6 21.Qf2 Qb4 22.c3 Bf5+
23.Ka1 Rxc3 24.Bxd6 Rc1+ 25.Rxc1 Qxd2  0-1

[Event "Makarczyk mem"]
[Site "Lodz"]
[Date "1980.??.??"]
[Round "11"]
[White "Dobosz, Henryk"]
[Black "Adamski, Jan"]
[Result "1-0"]
[WhiteElo "2385"]
[BlackElo "2410"]

1.e4 c5 2.Nf3 e6 3.d4 cxd4 4.Nxd4 a6 5.Nc3 Qc7 6.Be2 b5 7.Bf3 Nc6 8.Nxc6 dxc6
9.O-O Bb7 10.Qe2 Bd6 11.g3 Nf6 12.Bg2 O-O 13.f4 e5 14.f5 c5 15.g4 c4 16.g5 Nd7
17.Rf3 f6 18.h4 b4 19.Nd1 c3 20.bxc3 bxc3 21.Rxc3 Bc5+ 22.Kh2 Rac8 23.Rg3 Qd6
24.c3 Ba3 25.Rd3  1-0

[Event "New York MCC"]
[Site "New York"]
[Date "1980.??.??"]
[Round "1"]
[White "Coudari, Camille"]
[Black "Lein, Anatoly"]
[Result "1/2-1/2"]
[WhiteElo "2325"]
[BlackElo "2520"]

1.e4 c5 2.Nf3 e6 3.d4 cxd4 4.Nxd4 a6 5.Nc3 Qc7 6.Be2 Nf6 7.O-O Nc6 8.Be3 Bb4
9.Nxc6 bxc6 10.Na4 Rb8 11.Bd3 d5 12.exd5 cxd5 13.c4 Bd6 14.h3 O-O 15.Rc1 Qe7
16.Qe2 dxc4  1/2-1/2

[Event "ARG-ch"]
[Site "Quilmes"]
[Date "1980.??.??"]
[Round "6"]
[White "Aparicio, Anibal"]
[Black "Panno, Oscar"]
[Result "0-1"]
[WhiteElo "2320"]
[BlackElo "2540"]

1.e4 c5 2.Nf3 e6 3.Nc3 a6 4.d4 cxd4 5.Nxd4 Qc7 6.g3 Bb4 7.Ne2 Nf6 8.Bg2 Be7
9.O-O O-O 10.h3 Nc6 11.a4 Rd8 12.Bf4 d6 13.g4 b6 14.Qe1 Bb7 15.Rd1 Rab8 16.Ng3 Nd7
17.Bc1 Bf8 18.Qe2 Na7 19.Be3 Ne5 20.a5 Nc8 21.Bg5 Rd7 22.axb6 Qxb6 23.Bc1 a5
24.Na4 Qc6 25.b3 Ba6 26.Qd2 Bxf1 27.Nxf1 Nb6 28.Bb2 Nec4 29.bxc4 Nxc4 30.Qc3 Qxa4
31.Bc1 Qb4 32.Qg3 a4 33.Rd4 Rc7  0-1

[Event "ARG-ch"]
[Site "Quilmes"]
[Date "1980.??.??"]
[Round "8"]
[White "Aparicio, Anibal"]
[Black "Bronstein, Luis"]
[Result "1-0"]
[WhiteElo "2320"]
[BlackElo "2420"]

1.e4 c5 2.Nf3 e6 3.Nc3 a6 4.d4 cxd4 5.Nxd4 Nc6 6.Be2 Qc7 7.O-O Nf6 8.Nxc6 bxc6
9.f4 d5 10.Bf3 Bb7 11.Kh1 Rd8 12.Qe2 Be7 13.Bd2 O-O 14.Rae1 Rfe8 15.e5 Nd7
16.Qf2 Qb6 17.Qg3 Qxb2 18.f5 exf5 19.Rb1 Qxc2 20.Bh6 Bf8 21.Bd1 f4 22.Bxf4 Qg6
23.Rxb7 Nc5 24.Qxg6 hxg6 25.Ra7 Re7 26.Rxe7 Bxe7 27.Na4 Ne6 28.Bd2 c5 29.Ba5 Rb8
30.Bf3 Rb5 31.Bd2 c4 32.Nc3 d4 33.Nxb5 axb5 34.Bc6 c3 35.Bxc3 dxc3 36.Bxb5 Bg5
37.Bd3 Nd4 38.h4 Be3 39.Re1 Bd2 40.Rb1 Be3 41.Rb8+ Kh7 42.Rc8 Bd2 43.a4 Nb3
44.h5  1-0

[Event "URS-ch U26"]
[Site "Riga"]
[Date "1980.??.??"]
[Round "?"]
[White "Yurtaev, Leonid"]
[Black "Eingorn, Vereslav S"]
[Result "1-0"]
[WhiteElo "2365"]
[BlackElo "2470"]

1.e4 c5 2.Nf3 e6 3.d4 cxd4 4.Nxd4 a6 5.Nc3 Qc7 6.Be2 Nf6 7.O-O d6 8.a4 Be7
9.f4 Nc6 10.Be3 O-O 11.Kh1 Re8 12.Qe1 Nxd4 13.Bxd4 e5 14.fxe5 dxe5 15.Qg3 Bd8
16.Be3 Be6 17.Bh6 g6 18.Rad1 Be7 19.Nd5 Bxd5 20.exd5 Ne4 21.Qe3 f5 22.g4 Bc5
23.Qb3 Qb6 24.Qxb6 Bxb6 25.d6 Nf2+ 26.Rxf2 Bxf2 27.Bc4+ Kh8 28.d7 Red8 29.gxf5 Bh4
30.Be6 gxf5 31.Bxf5 Rg8 32.Be4 Rab8 33.Rf1 Rg4 34.Bd5 Rg6 35.Bf8 Rf6 36.Rxf6 Bxf6
37.Bh6 b5 38.axb5 Rxb5 39.c4 Rxb2 40.c5 Bd8 41.c6 Rb5 42.Bg5  1-0

[Event "Skien op"]
[Site "Skien"]
[Date "1980.??.??"]
[Round "2"]
[White "Wahlbom, Magnus"]
[Black "Niklasson, Christer"]
[Result "1/2-1/2"]
[WhiteElo "2365"]
[BlackElo "2395"]

1.e4 c5 2.Nf3 e6 3.d4 cxd4 4.Nxd4 a6 5.Nc3 Qc7 6.Be2 Nc6 7.O-O Nf6 8.Be3 d6
9.f4 Be7 10.Kh1 O-O 11.Qe1 Nxd4 12.Bxd4 b5 13.a3 Bb7 14.Qg3 Bc6 15.Bd3 e5  1/2-1/2

[Event "Stary Smokovec"]
[Site "Stary Smokovec"]
[Date "1980.??.??"]
[Round "10"]
[White "Franzen, Josef"]
[Black "Trois, Francisco RT"]
[Result "1/2-1/2"]
[WhiteElo "2330"]
[BlackElo "2395"]

1.e4 c5 2.Nf3 e6 3.d4 cxd4 4.Nxd4 a6 5.Nc3 Qc7 6.g3 Nf6 7.Bg2 Bb4 8.Ne2 Be7
9.O-O O-O 10.b3 Nc6 11.Bb2 Rb8 12.h3 b5 13.a3 Rd8 14.Kh2 Bb7 15.Nf4 d6 16.Qd2 Ba8
17.Rfe1 Ne5 18.Nd3 Nfd7 19.f4 Nxd3 20.cxd3 Rdc8 21.Rac1 Qd8 22.d4 Bf8 23.Nb1 h6
24.Qd3 Rxc1 25.Rxc1 Rc8 26.Rxc8  1/2-1/2

[Event "Rilton Cup"]
[Site "Stockholm"]
[Date "1980.??.??"]
[Round "?"]
[White "Svensson, Bengt"]
[Black "Sjoberg, Mats"]
[Result "0-1"]
[WhiteElo "2200"]
[BlackElo "2230"]

1.e4 c5 2.Nf3 e6 3.d4 cxd4 4.Nxd4 a6 5.Nc3 Qc7 6.Bd3 Nc6 7.Be3 b5 8.O-O Bb7
9.Kh1 Nf6 10.a3 Bd6 11.h3 h5 12.f3 Bf4 13.Bxf4 Qxf4 14.Nxc6 dxc6 15.Qc1 Qc7
16.Qe3 e5 17.b4 Rd8 18.Ne2 O-O 19.Qg5 c5 20.bxc5 Nd7 21.Ng3 Nxc5 22.Nxh5 f6
23.Qe3 Nxd3 24.cxd3 Rd7 25.Rfc1 Qa5 26.f4 Qd8 27.Rc3 f5 28.Qg3 exf4 29.Nxf4 Qf6
30.Rac1 fxe4 31.Rc7 Rdf7 32.Ng6 Rxc7 33.Rxc7 Rf7 34.dxe4 Rxc7 35.Qxc7 Bxe4
36.Nf4 g5 37.Qc8+ Kh7 38.Qd7+ Kh6 39.Qe6 Qxe6 40.Nxe6 a5 41.Nd4 b4 42.axb4 axb4
43.Kg1 Kg6 44.Kf2 Kf6 45.g3 Ke5 46.Ke3 Kd5 47.Ne6 g4 48.hxg4 b3 49.Ng5 Bg6
50.Nf3 b2 51.Nd2 Kc5 52.g5 Bh7 53.g4 Bg6 54.Ke2 Kd4 55.Ke1 Bd3 56.Kd1 Kc3
57.Ke1 Kc2 58.g6 Bxg6 59.Ke2 Bh7 60.Ke3 Bd3  0-1

[Event "SWE-ch"]
[Site "?"]
[Date "1980.??.??"]
[Round "?"]
[White "Ernst, Thomas"]
[Black "Sjoberg, Mats"]
[Result "1-0"]
[WhiteElo "2200"]
[BlackElo "2230"]

1.e4 c5 2.Nf3 e6 3.d4 cxd4 4.Nxd4 a6 5.Nc3 Qc7 6.g3 Nc6 7.Bg2 Nf6 8.O-O Be7
9.Re1 d6 10.Nxc6 bxc6 11.e5 dxe5 12.Rxe5 O-O 13.Re1 e5 14.Qe2 Bc5 15.Bg5 Bd4
16.Bxf6 gxf6 17.Ne4 Qe7 18.Qh5 f5 19.c3 Bb6 20.Ng5 f6 21.Bxc6 Ra7 22.Bd5+ Kh8
23.Nh3 f4 24.Nxf4 Qg7 25.Ne6 Bxe6 26.Bxe6 f5 27.Rad1 Re7 28.Rd6 Bc5 29.Rxa6 f4
30.g4  1-0

[Event "Tbilisi"]
[Site "Tbilisi"]
[Date "1980.??.??"]
[Round "?"]
[White "Bronstein, David I"]
[Black "Djuric, Stefan"]
[Result "1/2-1/2"]
[WhiteElo "2535"]
[BlackElo "2440"]

1.e4 c5 2.Nf3 e6 3.d4 cxd4 4.Nxd4 a6 5.Nc3 Qc7 6.Be2 Nf6 7.O-O Bb4 8.Qd3 Nc6
9.h3 O-O 10.Bg5 Be7 11.Rad1 h6 12.Be3 Ne5 13.Qd2 b5 14.f4 Nc4 15.Bxc4 Qxc4
16.e5 Nh7 17.f5 f6 18.exf6 Nxf6 19.fxe6 dxe6 20.a3 Bb7 21.Qd3 Nd5 22.Qxc4 bxc4
23.Nxd5 Bxd5 24.Nf5 Bf6 25.Bc5 Rf7 26.Ne3 Rb8 27.Bb4 Rb5 28.b3 Rc7 29.bxc4 Bxc4
30.Rf4 Bg5 31.Re4 Ba2 32.c4 Bxe3+ 33.Rxe3 Bxc4 34.Rc1 a5 35.Be1 Rbc5 36.a4 Bd5
37.Rxc5 Rxc5 38.Rc3 Rxc3 39.Bxc3  1/2-1/2

[Event "Yerevan"]
[Site "Yerevan"]
[Date "1980.??.??"]
[Round "11"]
[White "Vitolinsh, Alvis"]
[Black "Romanishin, Oleg M"]
[Result "1-0"]
[WhiteElo "2430"]
[BlackElo "2580"]

1.e4 c5 2.Nf3 e6 3.d4 cxd4 4.Nxd4 a6 5.Nc3 Nc6 6.g3 Qc7 7.Bg2 Nf6 8.O-O h6
9.Nxc6 bxc6 10.Na4 e5 11.c4 Be7 12.c5 O-O 13.Be3 Rb8 14.Rc1 a5 15.Qc2 Ng4
16.Bd2 Ba6 17.Rfd1 Be2 18.Re1 Bb5 19.Nb6 d6 20.a4 Ba6 21.h3 Nf6 22.Bxa5 Qa7
23.b4 dxc5 24.bxc5 Rfe8 25.Qc3 Bf8 26.Red1 h5 27.Rd2 Qe7 28.Rd6 Qb7 29.h4 Bxd6
30.cxd6 Re6 31.Qc5 Rd8 32.Rd1 Qb8 33.Bb4 Rexd6 34.Rxd6 Rxd6 35.Qxd6 Qxb6
36.a5 Qb5 37.f3 Qc4 38.Kh2 Qa2 39.Qd2 Qb3 40.Bc3 Qe6 41.Qb2 Nd7 42.Bh3 Qd6
43.Qd2 Qxd2+ 44.Bxd2 Nc5 45.Kg1 Nd3 46.f4 c5 47.fxe5 Nxe5 48.Kf2 Kf8 49.Bc3 f6
50.Bxe5 fxe5 51.Ke3 Ke7 52.Bf5 Kf6 53.Kd2 Bb7 54.Kd3 Ba6+ 55.Kc3 Kf7 56.Bd7 Ke7
57.Bc6 Kd6 58.Bd5 Bb5 59.Bf7 Be2 60.Kd2 Bf3 61.Ke3 Bg4 62.Kd3 Kc6 63.Be8+ Kd6
64.a6 Kc7 65.a7 Kb7 66.Kc4 Kxa7 67.Kxc5 Kb7 68.Kd6 Kc8 69.Kxe5 Kd8 70.Bg6 Ke7
71.Kf4 Kf6 72.Bf5 Bd1 73.e5+ Kf7 74.Kg5 Be2 75.Bg6+ Ke6 76.Bxh5  1-0

[Event "Zamardi op"]
[Site "Zamardi"]
[Date "1980.??.??"]
[Round "?"]
[White "Waldmann, Ivan"]
[Black "Taborov, Boris"]
[Result "0-1"]
[WhiteElo "2200"]
[BlackElo "2380"]

1.e4 c5 2.Nf3 e6 3.d4 cxd4 4.Nxd4 a6 5.Nc3 Qc7 6.Bd3 b5 7.a3 Bb7 8.O-O Nf6
9.Qe2 Nc6 10.Nxc6 Qxc6 11.f4 d5 12.e5 Nd7 13.Be3 Bc5 14.Bxc5 Qxc5+ 15.Kh1 O-O
16.Rae1 f5 17.exf6 Rxf6 18.Qg4 Qd6 19.Rf3 Raf8 20.b4 e5 21.fxe5 Nxe5 22.Bxh7+ Kxh7
23.Qh5+ Kg8 24.Qxe5 Qxe5 25.Rxe5 Rxf3 26.gxf3 Rxf3 27.Nxd5 Rf1+  0-1

[Event "Warsaw Cup"]
[Site "Warsaw"]
[Date "1981.06.27"]
[Round "6"]
[White "Lokasto, Anatol"]
[Black "Dejkalo, Stefan"]
[Result "0-1"]
[WhiteElo "2270"]
[BlackElo "2255"]

1.e4 c5 2.Nf3 e6 3.Nc3 a6 4.d4 cxd4 5.Nxd4 Qc7 6.Bd3 b5 7.O-O Nf6 8.a3 Bb7
9.Qe2 d6 10.Nb3 Be7 11.f4 Nc6 12.Be3 O-O 13.g4 Rfe8 14.g5 Nd7 15.Qf2 g6 16.Ne2 Bf8
17.c3 Rac8 18.a4 b4 19.c4 Na5 20.Nd2 Nc5 21.Bc2 b3 22.Bxc5 dxc5 23.Bd3 Rcd8
24.Qe3 Qd7 25.Nc1 e5 26.f5 Qd4 27.Qxd4 exd4 28.Ra3 h6 29.Ne2 hxg5 30.fxg6 fxg6
31.Ng3 Bd6 32.Nxb3 Nc6 33.Rf6 Ne5 34.Rxd6 Rxd6 35.Nxc5 Rb6 36.b3 a5 37.Kf1 Ba8
38.Bc2 Rf6+ 39.Ke2 Rf3 40.Nd3 Re3+ 41.Kd2 Nf3+  0-1

[Event "BCF-ch"]
[Site "Morecambe"]
[Date "1981.08.10"]
[Round "7"]
[White "Nokes, Roger I"]
[Black "Jackson, Oliver"]
[Result "1-0"]
[WhiteElo "2310"]
[BlackElo "2225"]

1.e4 c5 2.Nf3 e6 3.d4 cxd4 4.Nxd4 a6 5.Nc3 Qc7 6.Be3 Bb4 7.Bd2 Nf6 8.Bd3 Bd6
9.Qe2 Nc6 10.Nf3 h6 11.h3 b6 12.O-O-O b5 13.Rhe1 b4 14.Nd5 Nxd5 15.exd5 b3
16.axb3 Nb4 17.Bxb4 Bxb4 18.dxe6 dxe6 19.Qe5 Qxe5 20.Rxe5 O-O 21.c3 Be7 22.Ree1 Rb8
23.Kc2 Bb7 24.Be4 Bc5 25.Rd2 Rfc8 26.Ne5 Rc7 27.Nd7 Bxe4+ 28.Rxe4 Rbc8 29.Nxc5 Rxc5
30.b4 R5c6 31.Red4 Kf8 32.Kb3 Ke8 33.Rd6 R8c7 34.Rxc6 Rxc6 35.c4 Ke7 36.c5 e5
37.Kc4 f5 38.b5 axb5+ 39.Kxb5 Rc8 40.c6 g5 41.Kb6  1-0

[Event "Bochum"]
[Site "Bochum"]
[Date "1981.??.??"]
[Round "?"]
[White "Van der Wiel, John TH"]
[Black "Lobron, Eric"]
[Result "1/2-1/2"]
[WhiteElo "2465"]
[BlackElo "2405"]

1.e4 c5 2.Nf3 e6 3.d4 cxd4 4.Nxd4 a6 5.Nc3 b5 6.Bd3 Ne7 7.Bg5 h6 8.Be3 Nbc6
9.f4 Nxd4 10.Bxd4 Nc6 11.Bf2 Bb7 12.Qh5 Qc7 13.f5 Ne5 14.Bg3 Qc5 15.Bf2 Qc7
16.Bg3 Qc5 17.Bf2 Qc7  1/2-1/2

[Event "Bochum"]
[Site "Bochum"]
[Date "1981.??.??"]
[Round "?"]
[White "Van der Wiel, John TH"]
[Black "Ghinda, Mihail Viorel"]
[Result "1-0"]
[WhiteElo "2465"]
[BlackElo "2450"]

1.e4 c5 2.Nc3 e6 3.Nf3 a6 4.d4 cxd4 5.Nxd4 d6 6.f4 b5 7.Qf3 Nd7 8.Bd3 Bb7
9.Bd2 Nc5 10.a3 g6 11.b4 Bg7 12.Qf2 e5 13.fxe5 Nxd3+ 14.cxd3 dxe5 15.Nb3 Ne7
16.Nc5 Bc6 17.Bg5 Qd6 18.O-O O-O 19.a4 bxa4 20.N3xa4 Bb5 21.Nc3 Rac8 22.Ra5 f6
23.Be3 f5 24.Qa2+ Kh8 25.Nxb5 axb5 26.Qe6 Qd8 27.Rxb5 Nc6 28.Qd5 f4 29.Bf2 Qe7
30.Rb7 Qe8 31.Rxg7 Kxg7 32.Ne6+ Kh8 33.Nxf8 Nxb4 34.Qd6 Qxf8 35.Qxe5+ Qg7
36.Qd6 Nc2 37.Rc1 Qb2 38.Bd4+ Nxd4 39.Qf6+  1-0

[Event "Elekes mem-B"]
[Site "Budapest"]
[Date "1981.??.??"]
[Round "?"]
[White "Szmetan, Ricardo"]
[Black "Krajcsovits, Marton"]
[Result "1-0"]
[WhiteElo "2380"]
[BlackElo "2235"]

1.e4 c5 2.Nf3 e6 3.d4 cxd4 4.Nxd4 a6 5.Nc3 b5 6.Bd3 Bb7 7.O-O Ne7 8.Re1 Nec6
9.Nxc6 dxc6 10.e5 Nd7 11.Bf4 Nc5 12.Qf3 Qc7 13.Ne4 Nxe4 14.Bxe4 Be7 15.Rad1 O-O
16.Rd3 Rfd8 17.Bxh7+ Kf8 18.Be4 Rxd3 19.Qxd3 Rd8 20.Qh3 Ke8 21.c3 c5 22.Qf3 Bd5
23.Bxd5 Rxd5 24.Rd1 g5 25.Rxd5 exd5 26.Bg3 Qd7 27.h3 d4 28.cxd4 cxd4 29.Qd3 Qd5
30.a3 Qc4 31.Qxc4 bxc4 32.Kf1 Kd7 33.Ke2 Ke6 34.Bh2 Kf5 35.g4+ Ke4 36.f3+ Kd5
37.Kd2 a5 38.Kc2 a4 39.f4 Ke4 40.f5 Bc5 41.Kd2 Kf3 42.f6 Kg2 43.h4 gxh4 44.g5 Kxh2
45.e6  1-0

[Event "Elekes mem-B"]
[Site "Budapest"]
[Date "1981.??.??"]
[Round "?"]
[White "Mokry, Karel"]
[Black "Szmetan, Ricardo"]
[Result "1-0"]
[WhiteElo "2405"]
[BlackElo "2380"]

1.e4 c5 2.Nf3 e6 3.d4 cxd4 4.Nxd4 a6 5.Nc3 Qc7 6.g3 Nf6 7.Bg2 Be7 8.O-O O-O
9.f4 d6 10.Kh1 Nc6 11.Nxc6 bxc6 12.Na4 Bb7 13.c4 c5 14.Nc3 Bc6 15.Qc2 Qb7
16.b3 a5 17.Bb2 a4 18.e5 a3 19.exd6 Bxd6 20.Bc1 Ra6 21.Bxc6 Qxc6+ 22.Qg2 Qxg2+
23.Kxg2 Rfa8 24.Kf3 h5 25.Be3 Ng4 26.Bg1 f5 27.Rad1 Bf8 28.Rfe1 Nf6 29.Re3 g6
30.Red3 e5 31.Rd8 e4+ 32.Ke2 Kf7 33.Rxa8 Rxa8 34.Nd5 Rd8 35.Nxf6 Rxd1 36.Kxd1 Kxf6
37.Be3 Ke6 38.Bc1 Bg7 39.Bxa3 Bd4 40.Ke2 Kd6 41.Bc1 Bc3 42.a3 Kc6 43.Be3 Kd6
44.h3 Kc6 45.Kf2 Bb2 46.b4 Bxa3 47.Bxc5 Kd7 48.h4 Kc6 49.Ke2 Kd7 50.Kd2 Kc7
51.Kc3 Bc1 52.Bd4 e3 53.Kd3 Bd2 54.Bc3 Bc1 55.Ke2 Kd6 56.Be5+ Kc6 57.Bd4  1-0

[Event "Elekes mem-B"]
[Site "Budapest"]
[Date "1981.??.??"]
[Round "?"]
[White "Glatt, Gabor"]
[Black "Szmetan, Ricardo"]
[Result "1-0"]
[WhiteElo "2300"]
[BlackElo "2380"]

1.e4 c5 2.Nf3 e6 3.d4 cxd4 4.Nxd4 a6 5.Nc3 Qc7 6.Bd3 Nf6 7.O-O Nc6 8.Be3 Ne5
9.h3 Bc5 10.Qe2 d6 11.f4 Ng6 12.Nb3 Bxe3+ 13.Qxe3 O-O 14.a4 b6 15.Kh1 Bb7
16.Nd2 Rae8 17.Nc4 d5 18.exd5 exd5 19.Qxb6 Qb8 20.Nd6 d4 21.Qxb7 Qxd6 22.Ne2 a5
23.Qa6 Qxa6 24.Bxa6 Rd8 25.Bb5 Rd6 26.Rad1 Rfd8 27.Kg1 Ne4 28.f5 Ne7 29.Rf4 Nf6
30.g4 h5 31.Kf2 hxg4 32.hxg4 g5 33.fxg6 Nxg6 34.Rfxd4 Nxg4+ 35.Kg3 Rxd4 36.Rxd4 Rxd4
37.Nxd4 N4e5 38.Nb3 f5 39.Nxa5 Kf7 40.Nc6 f4+ 41.Kf2 Ng4+ 42.Kf3 Nh2+ 43.Kg2 Ng4
44.a5 Ne3+ 45.Kf3 Nf8  1-0

[Event "Budva zt"]
[Site "Budva"]
[Date "1981.??.??"]
[Round "8"]
[White "Attard, Wilfred"]
[Black "Tatai, Stefano"]
[Result "0-1"]
[WhiteElo "2225"]
[BlackElo "2485"]

1.e4 c5 2.Nc3 e6 3.Nf3 a6 4.d4 cxd4 5.Nxd4 Qc7 6.Bd3 Nc6 7.Nxc6 bxc6 8.O-O Nf6
9.Qe2 Bb7 10.Kh1 Be7 11.f4 d5 12.e5 Nd7 13.Na4 c5 14.b3 Qc6 15.c4 d4 16.Re1 O-O
17.Qc2 f5 18.exf6 Nxf6 19.f5 e5 20.Rxe5 Qc7 21.Qe2 Ng4 22.Qxg4 Qxe5 23.Bf4 Qf6
24.Re1 Rae8 25.h3 Bd6 26.Rxe8 Rxe8 27.Qg3 Re3 28.Bxd6 Rxg3 29.Bxg3 Qc6 30.Bf1 Qe4
31.f6 Bc6  0-1

[Event "Budva zt"]
[Site "Budva"]
[Date "1981.??.??"]
[Round "12"]
[White "Attard, Wilfred"]
[Black "Mariotti, Sergio"]
[Result "0-1"]
[WhiteElo "2225"]
[BlackElo "2475"]

1.e4 c5 2.Nc3 e6 3.Nf3 a6 4.d4 cxd4 5.Nxd4 Qc7 6.Bd3 Nf6 7.O-O b5 8.a3 Bb7
9.Kh1 h5 10.f4 Nc6 11.Nb3 d6 12.Qe2 Be7 13.Bd2 h4 14.Kg1 Nd7 15.Be3 Bf6 16.Rad1 Bxc3
17.bxc3 Ne7 18.c4 bxc4 19.Bxc4 Bxe4 20.Bd3 Bxd3 21.Qxd3 d5 22.Bd4 Nf5 23.c3 Rh6
24.Rf3 Rg6 25.Kf2 Rb8 26.Rb1 Qd6 27.a4 Qc6 28.Ba7 Rc8 29.Nd4 Nxd4 30.Bxd4 Qxa4
31.Re1 Rc6 32.f5 Rg4 33.h3 Re4 34.Rxe4 dxe4 35.Qxe4 e5 36.Bxe5 Qxe4  0-1